The year-long day : one man's Arctic /

Bibliographic Details
Main Author: Maxwell, A. E.
Other Authors: Ruud, Ivar, 1945-
Format: Book
Language:English
Published: Philadelphia : Lippincott, [1976]
Edition:1st ed.
Subjects:

MARC

Tag First Indicator Second Indicator Subfields
LEADER 00000pam a2200000 i 4500
001 in00000494591
005 20151013053430.0
008 751119s1976 paua 00010beng
010 |a  75040412  
020 |a 0397011318 
035 |a (OCoLC)01959536 
035 |9 ACB9260AM 
040 |a DLC  |c DLC  |d TXA  |d UtOrBLW 
043 |a r------ 
049 |a TXAM  |c [1236987] 
050 0 0 |a G608  |b .M29 
082 0 |a 919.8 
100 1 |a Maxwell, A. E. 
245 1 4 |a The year-long day :  |b one man's Arctic /  |c by A. E. Maxwell and Ivar Ruud ; photos. by Ivar Ruud. 
250 |a 1st ed. 
264 1 |a Philadelphia :  |b Lippincott,  |c [1976] 
264 4 |c ©1976 
300 |a 240 pages :  |b illustrations ;  |c 23 cm. 
336 |a text  |b txt  |2 rdacontent 
337 |a unmediated  |b n  |2 rdamedia 
338 |a volume  |b nc  |2 rdacarrier 
600 1 0 |a Ruud, Ivar,  |d 1945- 
651 0 |a Arctic regions. 
700 1 |a Ruud, Ivar,  |d 1945- 
999 |a MARS 
999 f f |s 688a56e4-32b9-38cc-8740-2bb07aee6445  |i 7aacdd49-7905-3dd5-a584-6e436773b4aa  |t 0 
952 f f |p ric  |a Texas A&M University  |b Rellis Campus  |c Joint Library Facility  |d Remote Storage  |t 0  |e G608 .M29  |h Library of Congress classification  |i unmediated -- volume  |m A14802387340 
998 f f |a G608 .M29  |t 0  |l Remote Storage